LEADER 01650nam a2200301 u 4500 001 000000018235 003 CaOOAMICUS 005 20070226110642.0 008 941210s1945 be u000 u lat u 035 $a10428918 040 $aPUL(R)$bita$dBAV 100 1 $aKindt, Gérard,$cC.SS.R.$0(OLS)http://pul/name/16271 245 10$aDe potestate dominativa in religione :$bdissertatio historico-canonica /$cauctore Gerardo Kindt C.SS.R. 260 $aBrugis [etc.] :$bDesclée,$c1945. 300 $axxxviii, 363 p. ;$c25 cm 490 1 $aDissertationes ad gradum magistri in Facultate Theologica vel in Facultate Iuris Canonici consequendum conscriptae ;$vSer. 2, 34 500 $aIn testa al front.: Universitas catholica Lovaniensis. 502 $aDiss. -- Université de Louvain. Faculté de théologie, 1945. 504 $a"Index bibliographicus": p. [xxi]-xxxviii. 650 4$aDiritto canonico.$0(OLS)http://pul/subject/1294 710 2 $aUniversité catholique de Louvain (1835-1969).$0(OLS)http://pul/name/1200 830 0$aDissertationes ad gradum magistri in Facultate Theologica vel in Facultate Iuris Canonici consequendum conscriptae ;$vSer. 2, 34.$0(OLS)http://pul/title/2035 850 $aPUL 852 $aPUL$W1$xDP2 Diritto Canonico 1$y64$m151 F 10$j25671$nBK-PRI$qStampati$B25671$CPULBib$Z2$F25671 $82 941 1 $a8 961 $aINV: 21577.Stemma di Pio XII sul piatto anteriore. Precedenti collocazioni: 151 E 47 ; 60 - F. 996 $6245$aDe potestate dominativa in religione :$bdissertatio historico-canonica$9(OLS)http://pul/title/26019 996 $6260$aBrugis [etc.] :$bDesclée$9(OLS)http://pul/publisher/55638 LEADER 01307nam a2200265 a 4500 001 000000142932 003 CaOOAMICUS 005 20150421150547.0 008 150421s1958 fr af u000 u fre r 040 $aPUL$bita 100 1 $aDavid-Danel, Marie-Louise.$0(OLS)http://pul/name/91889 245 10$aIconographie des saints médecins Come et Damien /$cpar Marie-Luise David-Danel. 260 $aLille :$bImprimerie Morel & Corduant,$c1958. 300 $a257 p., [9] c. di tav. :$bill. ;$c23 cm 500 $aIn testa al front.: Université de Lille, Faculté des Lettres. 502 $aTesi di dotorato -- Université de Lille. Faculté des Lettres, 1957. 600 04$aCyrillus,$cs., apostolo degli Slavi,$dc. 827-869.$0(OLS)http://pul/subject/106 600 04$aMethodius,$cs., arciv. di Moravia e Pannonia,$dm. 885.$0(OLS)http://pul/subject/107 710 2 $aUniversité de Lille.$bFaculté des Lettres.$0(OLS)http://pul/name/91890 850 $aPUL 852 $aPUL$W1$xDP1 Religione 1$y20$m633 G 33$j164953$qStampati$B165226$CPULBib$Z2$F165226 $H23451 $82 941 1 $a8 996 $6245$aIconographie des saints médecins Come et Damien$9(OLS)http://pul/title/180906 996 $6260$aLille :$bImprimerie Morel & Corduant$9(OLS)http://pul/publisher/83289